Fińscy mistrzowie hokeja - Statystyki

Ogólne statystyki
  • Ten quiz został rozwiązany 11 razy
  • Średni wynik to 45 z 90
Statystyki odpowiedzi
Rok Mistrzowie Finlandii % Poprawnych
1936 Ilves
80%
1937 Ilves
80%
1938 Ilves
80%
1945 Ilves
80%
1946 Ilves
80%
1947 Ilves
80%
1950 Ilves
80%
1951 Ilves
80%
1952 Ilves
80%
1957 Ilves
80%
1958 Ilves
80%
1960 Ilves
80%
1962 Ilves
80%
1966 Ilves
80%
1972 Ilves
80%
1984-1985 Ilves
80%
2008-2009 JYP
80%
2011-2012 JYP
80%
1980-1981 Kärpät
80%
2003-2004 Kärpät
80%
2004-2005 Kärpät
80%
2006-2007 Kärpät
80%
2007-2008 Kärpät
80%
2013-2014 Kärpät
80%
2014-2015 Kärpät
80%
2017-2018 Kärpät
80%
2021-2022 Tappara
80%
2020-2021 Lukko
60%
1959 Tappara
60%
1961 Tappara
60%
1964 Tappara
60%
1975 Tappara
60%
1976-1977 Tappara
60%
1978-1979 Tappara
60%
1981-1982 Tappara
60%
1983-1984 Tappara
60%
1985-1986 Tappara
60%
1986-1987 Tappara
60%
1987-1988 Tappara
60%
2002-2003 Tappara
60%
2015-2016 Tappara
60%
2016-2017 Tappara
60%
1956 TPS
60%
1975-1976 TPS
60%
1988-1989 TPS
60%
1989-1990 TPS
60%
1990-1991 TPS
60%
1992-1993 TPS
60%
1994-1995 TPS
60%
1998-1999 TPS
60%
1999-2000 TPS
60%
2000-2001 TPS
60%
2009-2010 TPS
60%
1929 HJK
40%
1932 HJK
40%
1935 HJK
40%
1973 Jokerit
40%
1991-1992 Jokerit
40%
1993-1994 Jokerit
40%
1995-1996 Jokerit
40%
1996-1997 Jokerit
40%
2001-2002 Jokerit
40%
1963 Lukko
40%
1931 TaPa
40%
1971 Ässät
20%
1977-1978 Ässät
20%
2012-2013 Ässät
20%
1969 HIFK
20%
1970 HIFK
20%
1974 HIFK
20%
1979-1980 HIFK
20%
1982-1983 HIFK
20%
1997-1998 HIFK
20%
2010-2011 HIFK
20%
2005-2006 HPK
20%
2018-2019 HPK
20%
1933 HSK
20%
1934 HSK
20%
1928 Reipas
20%
1965 Karhut
0%
1939 KIF
0%
1941 KIF
0%
1943 KIF
0%
1968 KOOVEE
0%
1967 RU-38
0%
1948 Tarmo
0%
1949 Tarmo
0%
1953 TBK
0%
1954 TBK
0%
1955 TBK
0%
Nie znaleziono quizów pasujących do podanych kryteriów
Rozkład punktacji
Procent ludzi z każdym wynikiem
Percentyl według liczby udzielonych odpowiedzi
Twoja historia wyników
Nie rozwiązałeś tego quizu